000
00300nam a2200145Ia 4500
100
_a
Rao/C.V.M
650
_a
Physics
942
_c
BK
366
_f
25
245
_a
Engineering Physics Lab Manual
260
_b
Sci tech
_c
2009
082
_a
530
_b
RAO
546
_a
ENGLISH
_c
Computers
999
_c
19614
_d
19614